[Event "Match 79__120'/40"]
[Site "Zürich"]
[Date "2024.??.??"]
[Round "30"]
[White "Mephisto Polgar sel. 5"]
[Black "Mephisto Explorer Pro"]
[Result "0-1"]
[WhiteElo "1981"]
[BlackElo "2013"]
[Annotator "Utzinger,K"]
[PlyCount "73"]
[EventDate "2024.10.21"]
[EventType "match"]
[SourceVersionDate "2024.10.21"]

{[%evp 0,73,19,38,60,60,55,50,36,36,31,40,42,32,34,17,17,31,39,17,6,15,9,8,5,0,14,4,-2,18,-18,-31,-30,-30,-4,-76,-76,-80,-85,-100,-101,-107,-129,-119,-135,-125,-143,-172,-100,-93,-128,-227,-179,-214,-231,-235,-245,-172,-143,-296,-298,-298,-347,-534,-534,-538,-608,-894,-920,-1214,-1214,-1271,-1221,-1481,-1480,-1516]} 1. e4 c6 {Match 120'/40 | Bediener: Rolf Bühler | 30. Partie: Schwarz (Mephisto Explorer Pro) gewinnt | Zwischenstand: 17,0-13,0 (55,1%) für Mephisto Explorer Pro / hypothetisch: 18,5-11,5 (61,6%) für Mephisto Explorer Pro | Eröffnung: Caro-Kann Verteidigung, Tartakower Variante | Auch in dieser Partie hat der Mephisto Polgar (Weiss) keine brauchbaren Einfälle, wie er seine Figuren am besten aufstellen soll. So geschieht es, dass der Gegner vollständig die Initiative am Damenflügel übernehmen kann. Und als sich schliesslich auf b3 ein schwarzer Freibauer einnistet, hat der Mephisto Explorer Pro keine Mühe, seine starke Stellung in einen Sieg umzumünzen. Der Vierpunkte-Vorsprung des holländischen Programms von Frans Morsch ist verdient, was sich ebenfalls am hypothetischen Ergebnis widerspiegelt, das gar einen Siebenpunkte-Vorsprung zeigt.} 2. d4 d5 3. Nc3 dxe4 4. Nxe4 Nf6 5. Nxf6+ exf6 {***ENDE BUCH*** [#]Die Tartakower Variante: Im Buch "Caro Kann" von Rolf Schwarz aus dem Jahre 1965 heisst es dazu: "Ein umstrittenes System. Die Theorie argumentiert. Weiss nimmt auf f6 und folgert: 1.) Schlägt Schwarz nun mit dem e-Bauern zurück, so bekommt Weiss die gefährliche Bauernmajorität am Damenflügel. Wir erinnern uns hier an die Spanische Abtauschvariante, zu der aber ein grundlegender Unterschied besteht: Schwarz hat dort als Äquivalent das Läuferpaar. 2.) Nimmt Schwarz mit dem g-Bauern, so ist der schwarze Bauernblock im Zentrum unbeweglich. Immerhin gibt die Theorie dieser Variante bessere Lebenschancen als dem Schlagen mit exf6. Wir möchten nur ganz en passent erwähnen, dass theoretische Urteile und praktische Ergebnisse nicht ganz übereinstimmen, was der Schachfreund aber bei Studium der folgenden Varianten selbst bemerken wird." Weitere Kommentare dazu sind ebenfalls interessant. Zu 5.Sxf6 exf6 meint Ludwig Pachmann: "Nun kann sich Schwarz schnell entwickeln. Ein Nachteil seiner Stellung aber ist die Entwertung seiner Königsflügelbauern. Kommt es bei einer derartigen Bauernkonstellation zum Endspiel, so ist dieses sehr günstig für Weiss." Und Ex Weltmeister Dr. Max Euwe meint zu 5.Sxf6 exf6: "Dieses Wiederschlagen ... schwächt die Bauernstellung in sehr ernsthafter Weise, denn ein reines Bauernendspiel wäre verloren für Schwarz. Es bietet auf der anderen Seite dynamische Vorteile: Schnelle Entwicklung, sichere Rochadestellung, Druck auf die Mittellinien. Es ist deshalb nicht immer so, dass die bessere Bauernstellung des Anziehenden zu ihrem Recht kommen muss. Es besteht nur die Aussicht darauf." Und Egon Varnuz meint: "Die Theorie unterschätzt dieses System (exf6) ein wenig, weil Weiss einen ideellen Mehrbauern hat. Entfernen wir alle Figuren vom Brett, dann hat Schwarz ein verlorenes Bauernendspiel. Die Variante war jedoch zeitweilig in Mode, weil es bis zur völligen Vereinfachung noch weit ist, Schwarz keine Entwicklungsschwierigkeiten hat, der Doppelbauer seine Königsstellung verstärkt und manchmal sogar die Ergreifung der Initiative gestattet." Und A. Konstantinopolski/A. Weiz schreiben: "Lange Zeit war man der Ansicht, der Plan mit e7xf6 genüge nicht, um ein gleichwertiges Spiel zu erlangen. Er gewährt Weiss ein Bauernübergewicht am Damenflügel, wofür Schwarz keine sichtbare Kompensation hat. Allmählich aber brachte die Praxis auch die Vorteile der schwarzen Stellung an den Tag. Schwarz kann seine Figuren schnell entwickeln, nach der kurzen Rochade steht der schwarze König sicher genug; daneben kontrolliert der f6-Bauer die Felder e5 und g5, was die Entfaltung eines weissen Angriffs hemmt." Sehr aufschlussreich und wichtig finde ich zudem den Umstand, dass alle modernen Engines das Schlagen mit e7xf6 bevorzugen und mit wenigen Ausnahmen eine Bewertungsdifferenz von 0.5 und mehr Bauerneinheiten zugunsten des soliden exf6 geben. Man kann zu dem System mit 4...Sf6 stehen, wie man will, Tatsache ist, dass gemäss den oftmals täuschenden Statistiken -- weil darin auch viele fehlerhafte Partien enthalten sind, die dem eigentlichen Verlauf der Partien nicht gerecht werden -- nicht viel gegen die praktische Anwendung dieses Systems spricht. So sehen nach 5.Sxf6 die Gewinnquoten aus weisser Sicht wie folgt aus: 54,4% CB Opening Tree 2020 mit 13858 Partien, 54% im CB Live Book mit nur 4069 Partien, 54% in der CB Online Datenbank mit 18817 Partien. Und auch die Unterschiede zwischen 5...exf6 und 5...gxf6 sind statisch wenig relevant, ja 5...exf6 bringt gar leicht bessere Ergebnisse für Schwarz. Es ist also weitgehend Geschmacksache, welches Abspiel man als Schwarzer wählen will. Der bekannteste starke Spieler, der dieses System gerne anwendet, ist GM Julian M. Hodgson, der damit 8.0 Pkt. aus 12 Partien geholt hat.} 6. c3 {Die üblichste Fortsetzung. Daneben gibt es diverse Alternativen:} (6. Bc4 Bd6 7. Qe2+ Be7 8. Nf3 Na6 9. O-O O-O 10. h3 Nc7 11. a4 Re8 12. Qd3 Nd5 13. Bd2 Be6 14. Rfe1 Qd7 15. Bb3 Bf5 16. Qf1 h5 17. a5 Bd6 18. Rxe8+ Rxe8 19. Re1 Be4 20. Qe2 Re7 21. Qd1 g5 22. Ne5 Bxe5 23. dxe5 Rxe5 24. Bc3 Bxg2 25. Bxe5 Qxh3 26. Bh2 Bf3 27. Re8+ Kg7 28. Qf1 Qg4+ 29. Bg3 h4 30. Kh2 hxg3+ 31. fxg3 Nf4 32. Re3 Qh5+ 33. Kg1 Nh3+ 34. Kh2 g4 35. Qc4 Ng5+ 36. Kg1 Qh1+ {0-1 (36) Abdusattorov,N (2766)-Maghsoodloo,P (2733) Tashkent 2024}) (6. Be3 Bd6 7. Bd3 Na6 8. a3 O-O 9. Ne2 Bf5 10. O-O Qd7 11. c4 Rfe8 12. Bxf5 Qxf5 13. Ng3 Bxg3 14. hxg3 Nc7 15. Qb3 b5 16. cxb5 Qxb5 17. Qxb5 cxb5 18. Rac1 Nd5 19. Rfe1 Red8 20. Rc5 a6 21. g4 Rd6 22. Rec1 Kf8 23. Kf1 Re8 24. Rc8 Ke7 25. Ke2 Rxc8 26. Rxc8 Rd8 27. Rc6 Rd6 28. Rc8 Rd8 29. Rc6 Rd6 30. Rc5 Kd7 31. Kd3 Ne7 32. Bf4 Rc6 33. b4 g6 34. f3 Rxc5 35. dxc5 Ke6 36. Bd2 f5 37. Ke3 fxg4 38. fxg4 Nc6 39. Ke4 Ne5 40. g5 Nc6 41. Bc3 {½-½ (41) Ivic,V (2599)-Andreikin,D (2729) Bajina Basta 2024}) (6. Nf3 Bd6 7. Bd3 O-O 8. O-O Re8 9. Re1 Be6 10. c3 Nd7 11. Nd2 Nf8 12. Ne4 Be7 13. Ng3 g6 14. Bf4 f5 15. Nf1 Bf6 16. Nd2 Bd5 17. Rxe8 Qxe8 18. Nf1 Ne6 19. Bd2 Rd8 20. Ne3 Be4 21. Bxe4 fxe4 22. Qc2 c5 23. d5 Nf4 24. Ng4 Nxd5 25. c4 h5 26. Nxf6+ Nxf6 27. Re1 Qe6 28. b3 Qf5 29. Bc3 Rd3 30. f3 Qf4 31. fxe4 Ng4 32. g3 Qf3 33. Ba1 Ne3 34. Qe2 Qxe2 {0-1 (34) Anand,V (2754)-Gukesh,D (2744) Zagreb 2023}) 6... Bd6 7. Bd3 O-O 8. Ne2 {***ENDE BUCH***} Qc7 9. f4 {Ein positionell hässlicher Zug, der den dunkelfarbigen Läufer einschränkt. Deshalb waren 9.h3 oder 9.Dc2 besser.} Re8 10. O-O Bg4 11. Qc2 h6 12. Ng3 c5 13. d5 {Eher würde man 13.h3 erwarten.} c4 $1 $15 {Und schon steht Schwarz etwas besser. Er kann seine Figuren aktiver aufstellen als der Gegner.} 14. Bh7+ Kh8 15. h3 Bd7 16. Be4 b5 (16... a5 {nebst ...Sa6 macht einen guten Eindruck: Der Springer erhält das starke Feld c5.}) {[#]} 17. b4 $2 $19 {[%mdl 2] Der Mephisto Polgar ist einfach nicht auf der Höhe. Mit diesem unzweckmässigen und sehr schlechten Bauernvorstoss schafft er gerade eine Angriffsmarke für Schwarz.} a5 $1 {Der Mephisto Explorer nimmt das "Geschenk" gerne an.} 18. bxa5 {Mehr oder weniger erzwungen.} (18. Rb1 {erlaubt} axb4 19. cxb4 Bxb4 $1 {mit Bauernverlust für Weiss, denn} 20. Rxb4 $4 {scheitert am Doppelangriff} Qc5+ 21. Kh2 Qxb4 $19) 18... Rxa5 $19 {Schwarz steht positionell bereits auf Gewinn.} 19. Bd2 {-+ (-2.27) (0%) Depth: 41/67} ({Oder} 19. a3 Na6 {-+ (-2.41) (0%) Depth: 43/65}) 19... Na6 20. Rae1 Nc5 21. Bc1 Qa7 {Man vergleiche die riesenstarke Wirkung der super stehenden schwarzen Figuren mit der lahmen Aufstellung von Weiss ohne jegliche Perspektive. Auch kann Weiss schon Bauernverlust nicht mehr vermeiden.} 22. Be3 Rxa2 23. Qd1 Ra3 {Nicht die stärkste Fortsetzung.} (23... f5 $1 24. Bxf5 (24. Bd4 fxe4 $19) (24. Kh1 fxe4 $19) (24. Nxf5 Bxf5 25. Bxf5 Rxe3 26. Rxe3 Nd3 27. Qf3 Bxf4 $19) 24... Rxe3 25. Rxe3 Nd3 26. Qf3 Bxf4 27. Bxd7 Bxe3+ 28. Kh2 Nf4 29. Bg4 Rxg2+ 30. Qxg2 Nxg2 31. Kxg2 Qa2+ 32. Kh1 Qd2 $19) 24. Bd4 Qc7 $2 {Vergibt den ganzen Vorteil, aber die Varianten sind zu tief für unsere Oldies.} (24... Rxc3 25. Nf5 Qb8 26. Nxd6 Qxd6 27. Bxc3 Nxe4 28. Ba1 f5 29. Be5 Qb6+ 30. Bd4 Qb7 31. Ba1 f6 $19) 25. Qf3 $2 {Weiss packt seine Chance auf Ausgleich nicht, bzw. kann seine Chance mangels Rechenpower nicht packen.} (25. Qh5 $1 {Droht mit Lxf6 zu gewinnen.} Kg8 26. Bg6 $3 {Eine unerwartete Bombe, die den Ausgleich sichert.} fxg6 (26... Rf8 27. Bf5 Bxf4 28. d6 Bxd6 29. Bxd7 Nxd7 30. Nf5 Be5 31. Qg4 g6 32. Nxh6+) 27. Qxg6 Bf8 (27... Rxe1 $2 28. Rxe1 Bf8 29. Nh5 $18) 28. Rxe8 Bxe8 29. Qxe8 Qd7 30. Re1 Qxe8 31. Rxe8 Nb3 (31... Nd3 $2 32. d6 $18) 32. Bb6 Ra6 33. d6 $1 Ra1+ 34. Kf2 Rd1 35. Bc7 Kf7 36. Rb8 Bxd6 37. Bxd6 Rxd6 38. Rxb5 $11) 25... b4 $1 {[%mdl 2] Nutzt die Fesslung des Bauern gegen die Dame aus.} 26. Nh5 {Es gibt keine Rettung mehr für Weiss.} Nxe4 27. Rxe4 Rxe4 28. Qxe4 Bc5 (28... b3 $1 29. Bxf6 Bf8 $1 30. Kh2 Qd6 31. Bd4 Qg6 32. Ng3 Qxe4 33. Nxe4 Bf5 34. Nd2 Ra2 35. Rd1 (35. Be3 b2 36. Rg1 Bd3 37. g4 b1=Q 38. Rxb1 Bxb1 $19) 35... Bd3 36. Nxb3 (36. Be3 b2 37. g4 b1=Q 38. Rxb1 Bxb1 $19) 36... cxb3 37. Rxd3 b2 38. Rd1 Ra1 39. c4 Rxd1 40. Bxb2 $19) 29. Rc1 Rxc3 30. Rxc3 bxc3 31. Ng3 c2 32. Ne2 Qb6 33. Bxc5 Qb1+ 34. Nc1 Qxc1+ 35. Kh2 Qb1 36. Qxc4 c1=Q 37. Qxc1 {***AUFGEGEBEN***} 0-1

[Event "Match 79__120'/40"]
[Site "Zürich"]
[Date "2025.??.??"]
[Round "32"]
[White "Mephisto Polgar sel. 5"]
[Black "Mephisto Explorer Pro"]
[Result "0-1"]
[WhiteElo "1981"]
[BlackElo "2013"]
[Annotator "Utzinger,K"]
[PlyCount "93"]
[EventDate "2024.10.21"]
[EventType "match"]
[SourceVersionDate "2024.10.21"]

{[%evp 0,93,24,18,18,-14,-14,-16,82,8,16,16,63,50,50,69,52,52,54,62,44,18,26,9,19,-12,0,17,-14,-9,2,1,-1,-21,0,-20,-17,-32,-32,-32,-32,-36,-35,-33,-21,-29,2,6,0,0,10,-7,21,0,18,39,48,0,0,0,0,0,0,-4,-4,-4,-4,-25,-25,-17,-18,-4,-33,-40,-40,-102,-28,-25,-29,-159,0,0,0,-292,-307,-1677,-1669,-1300,-1530,-29971,-29972,-29973,-29974,-29973,-1011,-1871]} 1. d4 d5 {Match 120'/40 | Bediener: Rolf Bühler | 32. Partie: Schwarz (Mephisto Explorer Pro) gewinnt | Zwischenstand: 19,0-13,0 (59,3%) für Mephisto Explorer Pro / hypothetisch: 20,5-11,5 (64%) für Mephisto Explorer Pro | Eröffnung: Damengambit, Tarrasch Verteidigung, geschlossene Variante 4.e3 | In einer ruhigen Partie bringt sich Weiss mit 37.Dd2?! in eine leicht schlechtere Lage. Und einen Zug später erlaubt Weiss dem Gegner nach dem passiven 38.Lg1? deutlichen Vorteil zu erlangen. Die dann gleich folgende Ungenauigkeit 39.Le4? bringt Weiss sofort in eine verlorene Stellung. Schwarz kann jedoch den Sack nicht zumachen, so dass sich die Stellung wieder ausgleicht. Der erneute Fehler 41.Da5? des Mephisto Polgar lässt sich nun aber nicht mehr reparieren.} 2. c4 e6 3. Nc3 c5 {***ENDE BUCH***} 4. e3 {***ENDE BUCH***} cxd4 5. exd4 dxc4 6. Bxc4 Nf6 7. Nf3 Bd6 {Im Kampf um das Feld d5 gehört der Läufer nach e7.} 8. O-O O-O 9. Bg5 Nbd7 10. Rc1 h6 $14 11. Ne4 $6 $11 {genauer 11.Lh4 usw.} Be7 12. Nxf6+ Nxf6 13. Bf4 b6 14. Bd3 Nd5 15. Be5 Bb7 16. Re1 Rc8 17. Rxc8 (17. Qe2 {sieht etwas natürlicher aus}) 17... Qxc8 18. Qb1 (18. a3 {was ...Sb4 verhindert und die Stellung des Läufers d3 festigt, verdient den Vorzug.}) 18... Qd7 19. Bh7+ Kh8 20. Be4 Rc8 21. a3 a5 22. Bg3 Bd6 23. Ne5 Bxe5 24. dxe5 b5 25. f3 a4 26. Rd1 Rc7 27. Bf2 Rc4 28. b3 Rc3 29. bxa4 bxa4 30. Rd3 Rc4 31. Rd2 Qc7 32. Rc2 {Richtig: Die schwarze Machtfülle auf der c-Linie muss gebrochen werden.} Rxc2 33. Bxc2 Ba6 $11 {Die Stellung befindet sich im Gleichgewicht.} 34. Qb2 g6 35. Kh1 Qc4 36. Qc1 Kg7 37. Qd2 $6 {Sinnvoller war es, mit 37.h3 oder 37.h4 dem weissen König ein Luftloch zu schaffen.,} Nf4 $15 {Jetzt muss Weiss schon genau agieren, um nicht in Nachteil zu geraten.} 38. Bg1 $2 {Zu passiv, so dass Schwarz nun spürbaren Vorteil erhält.} (38. Qd1 Qc3 39. Bg3 Ne2 40. Bxa4 Qxa3 41. Bd7 Qb2 42. Be8 Qb8 43. Ba4 Nxg3+ 44. hxg3 Qxe5 45. Be8 Bc4 46. Kh2 Qh5+ 47. Kg1 Qd5 48. Qa4 g5 49. Kh2 {= (-0.08) (50%) Depth: 53/66}) 38... g5 $1 {Wohl per Zufall die beste Antwort.} {[#]} 39. Be4 $2 {[%mdl 32768] ***VERLUSTZUG***, was Schwarz aber nicht erkennt.} Qb3 $2 $11 {Falsch: Der Gewinnweg ist anscheinend noch zu anspruchsvoll für den Mephisto Explorer Pro.} (39... Qf1 $1 {gewinnt z.B. wie folgt:} 40. Qf2 Qa1 41. Bc2 Qxa3 42. h4 (42. Bd1 Qb4 43. h3 a3 44. Kh2 Qb1 45. Qd2 a2 46. Bd4 a1=Q 47. Bxa1 Qxa1 $19) 42... Ne2 43. Bd1 Nxg1 44. Kxg1 Qc1 45. Qe1 a3 $19) 40. g3 Nd3 $11 {[#]} 41. Qa5 $2 $19 {[%mdl 32768] ***VERLUSTZUG*** Damit schaufelt sich der Mephisto Polgar wieder das Grab und verpasst den Ausgleich. Dazu zeigt die Engine Rems 011224-avx2 zwei mögliche Varianten.} ({Rems 011224-avx2: 1)} 41. h4 Qxa3 42. hxg5 h5 43. Qa5 Qa1 44. Qxa6 Nf2+ 45. Kg2 Nxe4 46. fxe4 a3 47. Qa7 Qb2+ 48. Kh3 a2 49. g6 Kxg6 50. Qa8 Kh7 51. Qf8 a1=Q 52. Qxf7+ Kh8 53. Qxh5+ Kg7 54. Qg5+ Kh7 55. Qe7+ Kh8 56. Qf6+ Kh7 57. Qf7+ Kh8 58. Qf6+ {[%eval 0,53] [%wdl 5,990,5]}) ({Rems 011224-avx2: 2)} 41. Be3 Qxa3 42. h4 Qb2 43. hxg5 hxg5 44. Bxd3 Qxd2 45. Bxd2 Bxd3 46. Bc1 g4 47. Kg2 Kg6 48. fxg4 Be2 49. Kh3 Bf3 50. Kh4 Bd1 51. Bb2 Be2 52. Kh3 Bf3 53. Kh4 {[%eval 0,53] [%wdl 5,990,5]}) 41... Bb7 $1 42. Qd8 ({Oder} 42. Bxb7 Qxb7 43. Qd2 Qxf3+ 44. Qg2 Qd1 (44... Qxg2+ 45. Kxg2 Kg6 (45... g4 46. Kf1 Nxe5 $19) 46. g4) 45. h3 Nxe5 $19) 42... Bxe4 43. Qf6+ Kg8 44. fxe4 Nf4 {Die Mattdrohung mit ...Df3+ usw. kann nur noch mittels Opfer der weissen Dame abgewendet werden. Damit ist die Partie natürlich entschieden.} 45. Qxf4 gxf4 46. Kg2 Qxa3 47. gxf4 {***AUFGEGEBEN***} 0-1

[Event "Match 79__120'/40"]
[Site "Zürich"]
[Date "2025.??.??"]
[Round "33"]
[White "Mephisto Explorer Pro"]
[Black "Mephisto Polgar sel. 5"]
[Result "1-0"]
[WhiteElo "2013"]
[BlackElo "1981"]
[Annotator "Utzinger,K"]
[PlyCount "66"]
[EventDate "2024.10.21"]
[EventType "match"]
[SourceVersionDate "2024.10.21"]

{[%evp 0,66,19,31,14,1,-3,-20,-11,-26,5,-21,-15,-1,-11,-8,41,14,57,69,99,92,111,90,143,119,259,252,270,184,229,214,214,214,215,194,174,174,165,122,131,121,121,106,117,110,181,111,169,177,196,239,260,258,545,193,258,241,237,212,524,525,550,550,653,658,767,894,891]} 1. d4 Nf6 {Match 120'/40 | Bediener: Rolf Bühler | 33. Partie: Weiss (Mephisto Explorer Pro) gewinnt | Zwischenstand: 20,0-13,0 (60,6%) für Mephisto Explorer Pro / hypothetisch: 21,5-11,5 (65,1%) für Mephisto Explorer Pro | Eröffnung: Katalanisch, geschlossen | Die Odyssee (Irrfahrt) geht für den Mephisto Polgar weiter. Schwarz verpasst es, die Rochade rechtzeitig auszuführen. so steht Weiss bereits ab dem 11. Zug auf Gewinn. Und auch wenn der Mephisto Explorer Pro nicht immer die besten Züge findet, kann das Programm von Frans Morsch den unglücklichen Gegner in einer Kurzpartie von 33 Zügen zur Aufgabe zwingen. Somit also eine böse Niederlage für das Programm von Ed Schröder, das nun mit bereits 7 Punkten im Rückstand liegt. Wir haben berechtigte Zweifel, ob sich das absehbare Debakel für den Mephisto Polgar noch vermeiden lässt.} 2. c4 e6 3. g3 d5 4. Bg2 {***ENDE BUCH***} Be7 {***ENDE BUCH***} 5. cxd5 exd5 6. Nf3 Bf5 7. Qb3 b6 8. O-O {= (0.26) (53%)} c5 $6 {+/- (1.39) (89%) Keine gute Wahl, was sich auch in der Bewertung vor/nach dem Zug zeigt. Schwarz hätte rochieren sollen.} 9. dxc5 bxc5 10. Ne5 $16 {Weiss steht klar besser.} {[#]} a5 $2 $18 {[%mdl 2] Nach dieser Ungenauigkeit ist Schwarz gemäss den Engines bereits verloren. Notwendig wäre 10...Le6 gewesen.} 11. Nc3 {Schwarz kann Bauernverlust auf d5 bereits nicht mehr verhindern.} a4 12. Qb5+ {Nur die drittbeste Wahl. Sowohl 12.Db7 als auch 12.Sxa4 verdienen den Vorzug.} Bd7 $2 {Etwas besser sind noch ...Sbd7 oder ...Kf8.} 13. Qb7 Ra5 14. Bd2 {Es gibt schon verschiedene Gewinnwege für Weiss.} (14. Nxd5 Nxd5 15. Nxd7 Nxd7 16. Bxd5 $18 {(3.16) (100%)}) (14. Bxd5 O-O 15. Rd1 $18 {(3.95) (100%)}) 14... Qc8 15. Qxc8+ Bxc8 16. Nxd5 $18 {Bauerngewinn mit Angriff auf den Ta5 durch den Ld2.} Ra7 17. Bf4 {Diese Zug taucht unter den fünf besten Fortsetzungen nicht auf. Trotzdem verdirbt 17.Lf4?! noch nicht den Gewinn, was die Stärke der weissen Stellung untermauert.} Nxd5 18. Bxd5 Be6 19. Nc6 $6 {Damit macht sich Weiss das Leben unnötig schwer.} (19. Rfd1 $1 Bxd5 20. Rxd5 $18) (19. Bxe6 fxe6 20. Rac1 $18) 19... Nxc6 20. Bxc6+ Bd7 {+- (1.80) (99%)} ({Besser} 20... Kf8 21. Rfc1 g5 22. Be3 Ra5 $16) 21. Bg2 $6 {Ungenau: Der Erwartungswert für Weiss sinkt von 99% auf 75%, falls Schwarz nun die Rochade ausführen würde. Deshalb war 21.Ld5 +- angebracht.} Bf6 $2 {Nicht die beste Wahl, so dass der Erwartungswert wieder auf 98% steigt.} 22. Rac1 $1 Ra5 23. Rc2 {Hier war 23.Tfd1 wesentlich stärker.} Rb5 24. Bd6 Bxb2 (24... Be7 {bietet mehr Verteidigungschancen.}) 25. Bxc5 h5 26. Rd1 {[#]Bei oberflächlicher Betrachtung sieht es nicht so schlecht aus für Schwarz mit einem Bauern weniger, wären da nicht die weissen Figuren, die ungleich aktiver sind. Die übermenschlichen Engines zeigen bereits einen Gewinnvorteil von über 4 Bauerneinheiten für Weiss an.} Bf6 27. Bd5 g5 28. Rc4 Be5 29. Ba3 f6 30. Be4 {Droht Matt mit Tc8+ Lxc8, Lg6 Matt} f5 (30... Rb8 {rettet ebenso wenig} 31. Bg6+ Kd8 32. Bf5 Rb7 33. Rxa4 Kc8 34. Ra8+ Bb8 35. Bxd7+ Rxd7 36. Rxb8+ Kxb8 37. Rxd7 $18) 31. Rxd7 $1 {Noch ein taktischer Nadelstich.} fxe4 (31... Kxd7 32. Bc6+ Ke6 33. Bxb5 $18) 32. Ra7 Kd8 33. Be7+ {Erobert einen zweiten Bauern und erhält Mattangriff.} Ke8 {***AUFGEGEBEN***} 1-0